Online
Catalog

Héroes y próceres dominicanos y americanos / (Record no. 36295)

MARC details
000 -CABECERA
campo de control de longitud fija 02731nam a2200397 i 4500
001 - NÚMERO DE CONTROL
campo de control 000036804
003 - IDENTIFICADOR DEL NÚMERO DE CONTROL
campo de control DO-SdBNP
005 - FECHA Y HORA DE LA ÚLTIMA TRANSACCIÓN
campo de control 20260414101256.0
007 - CAMPO FIJO DE DESCRIPCIÓN FÍSICA--INFORMACIÓN GENERAL
campo de control de longitud fija ta
008 - DATOS DE LONGITUD FIJA--INFORMACIÓN GENERAL
campo de control de longitud fija 090716s2011 dr 001 0 spa d
020 ## - NÚMERO INTERNACIONAL ESTÁNDAR DEL LIBRO
Número Internacional Estándar del Libro 9789945005028
040 ## - FUENTE DE LA CATALOGACIÓN
Centro catalogador/agencia de origen DO-SdBNP
Lengua de catalogación spa
Centro/agencia transcriptor BNPHU
Normas de descripción rda
041 ## - CÓDIGO DE LENGUA
Código de lengua del texto/banda sonora o título independiente spa
082 #4 - NÚMERO DE LA CLASIFICACIÓN DECIMAL DEWEY
Número de clasificación 923.2
Número de documento/Ítem G984h 2011
Número de edición 22
100 1# - ENTRADA PRINCIPAL--NOMBRE DE PERSONA
Nombre de persona Gutiérrez Félix, Euclides,
Fechas asociadas al nombre 1936-
Término indicativo de función/relación autor
Código de función/relación aut.
9 (RLIN) 5673
245 10 - MENCIÓN DE TÍTULO
Título Héroes y próceres dominicanos y americanos /
Mención de responsabilidad, etc. Euclides Gutiérrez Félix ; prólogo, Alejandrina Germán.
250 ## - MENCIÓN DE EDICIÓN
Mención de edición cuarta edición revisada y actualizada
264 #1 - PRODUCCIÓN, PUBLICACIÓN, DISTRIBUCIÓN, FABRICACIÓN Y COPYRIGHT
Producción, publicación, distribución, fabricación y copyright Santo Domingo, República Dominicana :
Nombre del de productor, editor, distribuidor, fabricante Editora Corripio,
Fecha de producción, publicación, distribución, fabricación o copyright 2011.
300 ## - DESCRIPCIÓN FÍSICA
Extensión 398 páginas ;
Dimensiones 23 cm.
336 ## - TIPO DE CONTENIDO
Término de tipo de contenido texto
Código de tipo de contenido txt
Fuente rdacontent
337 ## - TIPO DE MEDIO
Nombre/término del tipo de medio sin mediación
Código del tipo de medio n
Fuente rdamedia
338 ## - TIPO DE SOPORTE
Nombre/término del tipo de soporte volumen
Código del tipo de soporte nc
Fuente rdacarrier
500 ## - NOTA GENERAL
Nota general Incluye referencias bibliográficas y notas al pie de las páginas
504 ## - NOTA DE BIBLIOGRAFÍA, ETC.
Nota de bibliografía, etc. Bibliografía: páginas 379-388
505 ## - NOTA DE CONTENIDO CON FORMATO
Nota de contenido con formato Primera parte. Héroes y próceres dominicanos. Prólogo / Alejandrina Germán, 9.-- Introducción, 21.-- Enriquillo, 23.-- Juan Pablo Duarte, 29.-- Francisco del Rosario Sánchez, 35.-- Matías Ramón Mella, 43.-- Antonio Duvergé, 53.-- José María Cabral, 59.-- Pedro Pimentel, 65.-- Gaspar Polanco, 71.-- Gregorio Luperón, 77.-- Marcos Adon, 83.-- Eusebio Manzueta, 89.-- Fernando Arturo de Meriño, 95.-- Benigno Filomeno de Rojas, 101.-- Ulises Francisco Espaillat, 107.-- José Antonio Salcedo (Pepillo), 113.-- Pedro Francisco Bonó, 119.-- Francisco Gregorio Billini, 125.-- Salomé Ureña, 131.-- Ercilia Pepín, 137.-- Rafael Fernández Domínguez, 143.-- Francisco Caamaño Deñó, 149.-- Segunda parte. Héroes y próceres americanos. Introducción, 157.-- Lautaro, 159.-- Thomas Jefferson, 165.-- Miguel Hidalgo, 171.-- Simón Bolívar, 177.-- Antonio José de Sucre, 183.-- José de San Martín, 189.-- Bernardo O`Higgins, 195.-- José María Morelos, 201.-- Toussaint Louverture, 207.-- Dessalines, 213.-- Abraham Lincoln, 219.-- Francisco Morazán, 225.--Benito Juárez, 231.-- Máximo Gómez, 237.-- Antonio Maceo, 243.--José Martí, 249.-- Augusto César Sandino, 257.-- Bibliografía, 263.
590 ## - NOTA LOCAL (RLIN)
Nota local Inventariado, 2022/BT
650 #4 - PUNTO DE ACCESO ADICIONAL DE MATERIA--TÉRMINO DE MATERIA
Término de materia o nombre geográfico como elemento de entrada Revolucionarios
Subdivisión geográfica República Dominicana
Subdivisión general Biografías
9 (RLIN) 12091
650 #4 - PUNTO DE ACCESO ADICIONAL DE MATERIA--TÉRMINO DE MATERIA
Término de materia o nombre geográfico como elemento de entrada Héroes
Subdivisión geográfica República Dominicana
Subdivisión general Biografías
9 (RLIN) 12092
650 #4 - PUNTO DE ACCESO ADICIONAL DE MATERIA--TÉRMINO DE MATERIA
Término de materia o nombre geográfico como elemento de entrada Jefes de estado
Subdivisión geográfica República Dominicana
Subdivisión general Biografías
9 (RLIN) 12093
650 #4 - PUNTO DE ACCESO ADICIONAL DE MATERIA--TÉRMINO DE MATERIA
Término de materia o nombre geográfico como elemento de entrada Héroes
Subdivisión geográfica América
Subdivisión general Biografías
9 (RLIN) 12094
651 #4 - PUNTO DE ACCESO ADICIONAL DE MATERIA--NOMBRE GEOGRÁFICO
Nombre geográfico República Dominicana
Subdivisión general Biografías
9 (RLIN) 1325
651 #4 - PUNTO DE ACCESO ADICIONAL DE MATERIA--NOMBRE GEOGRÁFICO
Nombre geográfico América
Subdivisión general Biografías
9 (RLIN) 12095
700 1# - PUNTO DE ACCESO ADICIONAL--NOMBRE DE PERSONA
Nombre de persona Germán, Alejandrina,
Término indicativo de función/relación prologuista
Código de función/relación pr.
9 (RLIN) 12096
910 ## - DATOS DE OPCIÓN DEL USUARIO (OCLC)
Datos de opción del usuario Validado. Control de calidad MFF
942 ## - ELEMENTOS DE PUNTO DE ACCESO ADICIONAL (KOHA)
Fuente del sistema de clasificación o colocación Dewey Decimal Classification
Tipo de ítem Koha Libro
Holdings
Estado de retiro Estado de pérdida Fuente del sistema de clasificación o colocación Restricciones de uso No para préstamo Código de colección Localización permanente Ubicación/localización actual Ubicación en estantería Fecha de adquisición Fuente de adquisición Total de préstamos Signatura topográfica completa Código de barras Fecha visto por última vez Número de copia Precio válido a partir de Tipo de ítem Koha
    Dewey Decimal Classification Préstamo en sala   Dominicana de Servicio Biblioteca Nacional Pedro Henríquez Ureña Biblioteca Nacional Pedro Henríquez Ureña Depósito 01.02.2012 Depósito Legal   BNPHU DS 923.2 G984h 2011 36804-30 25.06.2020 e.3 25.06.2020 Libro
    Dewey Decimal Classification Excluido de préstamo   Patrimonio Dominicano Biblioteca Nacional Pedro Henríquez Ureña Biblioteca Nacional Pedro Henríquez Ureña Depósito 01.02.2012 Depósito Legal   BNPHU PD 923.2 G984h 2011 36804-10 25.06.2020   25.06.2020 Libro
    Dewey Decimal Classification Excluido de préstamo   Patrimonio Dominicano Biblioteca Nacional Pedro Henríquez Ureña Biblioteca Nacional Pedro Henríquez Ureña Depósito 01.02.2012 Depósito Legal   BNPHU PD 923.2 G984h 2011 36804-20 25.06.2020 e.2 25.06.2020 Libro
    Dewey Decimal Classification Préstamo en sala   Dominicana de Servicio Biblioteca Nacional Pedro Henríquez Ureña Biblioteca Nacional Pedro Henríquez Ureña Depósito 25.02.2022 Donación   BNPHU DS 923.2 G984h 2011 2022-0803 25.02.2022 e.4 25.02.2022 Libro
    Dewey Decimal Classification Préstamo en sala   Dominicana de Servicio Biblioteca Nacional Pedro Henríquez Ureña Biblioteca Nacional Pedro Henríquez Ureña Depósito 25.02.2022 Donación   BNPHU DS 923.2 G984h 2011 2022-0804 25.02.2022 e.5 25.02.2022 Libro

Powered by Koha